| 000 | 00999cam a2200193 a 4500 | ||
|---|---|---|---|
| 020 | _a9780281055364 (SPCK) | ||
| 020 | _a028105536X (SPCK) | ||
| 020 | _a9780801038808 (pbk.) | ||
| 020 | _a0801038804 (pbk.) | ||
| 041 | _aENG | ||
| 082 | 0 | 0 |
_a260 _bTWE |
| 100 | 1 | _aTwelftree, Graham H. | |
| 245 | 1 | 0 | _aPeople of the spirit :Exploring Luke's view of the Church |
| 260 |
_aGrand Rapids, Mich. : _bBaker Academic ; _aLondon : _bSociety for Promoting Christian Knowledge, _c2009. |
||
| 300 | _axvii, 269 p. ; | ||
| 505 | 0 | _aThe issues -- Origins and purpose -- Jesus : the church modelled -- Salvation and the church -- The church as the people of God -- Luke's Pentecosts -- The spirit, tongues, and baptism -- Problems in the early church -- Worship -- Scripture and knowing God -- Experience and knowing God -- Early Catholic, Protestant, or charismatic? -- Mission : evangelism or social action or both? -- Listening to Luke. | |
| 650 | 0 |
_aChurch - Biblical Teaching _aBible - Acts |
|
| 942 | _cBK | ||
| 999 |
_c22546 _d22546 |
||